trouvez le nom de la marque de voiture grâce à son logo - Statistiques

Statistiques générales
  • Ce quiz a été pris 426 fois
  • Le résultat moyen est 13 sur 16
Statistiques - réponses
Par images Réponse % Correct
Audi
97%
Ferrari
96%
Tesla
95%
Peugeot
94%
Honda
93%
Chevrolet
91%
Opel
90%
Porsche
88%
Volkswagen
87%
Seat
84%
Alfa Roméo
80%
Lexus
79%
Mazda
78%
Mitsubishi
78%
Mustang
63%
Corvette
56%
Aucun quiz correspondant
Distribution des résultats
% des personnes avec chaque résultat
Percentile par nombre de réponses
Votre historique - résultats
Vous n’avez pas pris ce quiz